Bài tập kinh tế học vi mô

Tallennettuna:
Bibliografiset tiedot
Päätekijä: Ward, Damian
Aineistotyyppi: Kirja
Kieli:Vietnamese
Julkaistu: Thống kê 2007
Tagit: Lisää tagi
Ei tageja, Lisää ensimmäinen tagi!
Thư viện lưu trữ: Mạng thư viện Đại học Đà Nẵng
LEADER 00709nam a2200253 4500
001 000020454
003 16900
005 20150319140303.0
008 150319s2007 viesd
020 |c 30000 
041 0 |a vie 
082 1 4 |a 338.5  |b WA-D 
100 1 |a Ward, Damian 
245 1 0 |a Bài tập kinh tế học vi mô  |c Damian Ward, David Begg ; biên dịch : Nhóm giảng viên Khoa Kinh tế Đại học Kinh tế quốc dân. 
260 |b Thống kê  |c 2007 
300 |a tr.  |c cm. 
OWN |a LSP 
999 |a From the UDN01 
TYP |a Monograph 
TYP |a Printed language 
980 |a Mạng thư viện Đại học Đà Nẵng